Religion General Knowledge #5 - Statistics

General Stats
  • This quiz has been taken 259 times
  • The average score is 5 of 25
Answer Stats
Hint Answer % Correct
What is the Hindu/Buddhist name for enlightenment? Nirvana
86%
What is the more common name for the Bishop of Rome? Pope
72%
What religion was founded by Baha'u'llah? Baha'i
50%
Who was 9th avatar of Vishnu? Guatama Buddha
39%
Jophiel, Sandalphon, and Uriel are all these Angels
36%
Who was the oldest man who ever lived, according to Bible? Methuselah
32%
What religion's holy text is the Book of Shadows? Wicca
27%
What is last book of the Old Testament? Malachi
26%
What African Bishop wrote Confessions? Augustine of Hippo
20%
What religion was founded by Mahavira? Jainism
14%
What is the first Pillar of Islam? Shahada
14%
Another name for the above Moksha
11%
What holy text contains the Mishnah and Gemara? Talmud
11%
Father of the above Enoch
10%
What is the sacred text of Sikhism? Guru Granth Sahib
10%
What Cuban religion combines Catholicism and Yourba beliefs? Santeria
10%
What is the name of the nature spirits worshiped in Shinto? Kami
9%
What holy book was written by Laozi? Tao Te Ching
9%
A follower of Ellen White and William Miller is called a... Seventh-Day Adventist
8%
What occult religion founded by Alistair Crowley? Thelema
5%
Who was the Roman goddess of Breadmaking? Fornax
2%
Who is the messianic figure of Buddhism and Theosophy? Maitreya
2%
Who is the highest god of the Inca pantheon? Viracocha
2%
Who was the patron saint of the internet? Isidore of Seville
1%
What Persian mystic claimed to be the return of Buddha, Jesus, and Zoroaster? Mani
1%
No matching quizzes found
Score Distribution
Percent of People with Each Score
Percentile by Number Answered
Your Score History
You have not taken this quiz